Biggest Cities of the 13 Colonies in 1690 with a Map - Statistics

General Stats
  • This quiz has been taken 289 times
  • The average score is 10 of 25
Answers on the Map
Answers color-coded by a green-red scale on the quiz's map according to % correct below.
 
Answer Stats
Population City % Correct
3,900 New York City
97%
7,000 Boston
96%
2,000 Philadelphia
92%
850 Providence
88%
1,500 Hartford
84%
1,600 New Haven
79%
1,100 Charleston
76%
1,700 Salem
65%
2,600 Newport
59%
950 Cambridge
55%
900 New London
49%
900 Lynn
31%
1,250 Newbury
22%
1,050 Marblehead
20%
1,500 Charlestown
19%
1,000 Taunton
19%
1,850 Ipswich
16%
1,100 Fairfield
14%
850 Milford
12%
1,400 Windsor
11%
850 Beverly
10%
850 Scituate
7%
850 Rehoboth
6%
1,050 Sudbury
4%
1,150 Wethersfield
4%
No matching quizzes found
Score Distribution
Percent of People with Each Score
Percentile by Number Answered
Your Score History
You have not taken this quiz